Statistics for Europeiska städer på kartan

Click here to take the quiz!

General Stats

  • This quiz has been taken 119 times
  • The average score is 29 of 36

Answers on the Map

Answers color-coded by a green-red scale on the quiz's map according to % correct below.
 

Answer Stats

Answer% Correct
London
95%
Lissabon
94%
Reykjavik
93%
Dublin
90%
Paris
90%
Stockholm
90%
Helsingfors
88%
Köpenhamn
88%
Amsterdam
87%
Manchester
87%
Marseille
87%
Oslo
87%
Aten
85%
Warszawa‎
84%
Barcelona
83%
Bryssel
83%
Madrid
83%
Edinburgh
81%
Rom
81%
Berlin
80%
Kiev
80%
Moskva
80%
Sankt Petersburg
80%
Milano
78%
Sevilla
76%
Bukarest
73%
München
73%
Prag
72%
Sarajevo
72%
Budapest
71%
Düsseldorf
70%
Palermo
69%
Wien
65%
Geneve
63%
Belgrad
60%
Neapel
58%

Score Distribution

Percentile by Number Answered

Percent of People with Each Score

Your Score History

You have not taken this quiz